Click the country based area & population - Asia - Statistics

General Stats
  • This quiz has been taken 45 times
    27 since last reset
  • The average score is 33 of 49
Answers on the Map
Answers color-coded by a green-red scale on the quiz's map according to % correct below.
 
Answer Stats
Answer % Correct
100,3M - 331k
100%
114,1M - 300k
100%
123,7M - 377k
100%
1422,5M - 9596k
100%
1438,0M - 3287k
100%
169,8M - 148k
100%
20,2M - 2724k
100%
282,4M - 1904k
100%
32,1M - 2149k
100%
3,5M - 1564k
100%
51,2M - 100k
100%
56,7M - 676k
100%
65,9M - 513k
100%
85,3M - 783k
100%
85,9M - 1648k
100%
241,4M - 882k
89%
6,0M - 736
89%
44,4M - 438k
78%
23,6M - 35,9k
67%
2,8M - 11,5k
67%
34,2M - 652k
67%
0,450M - 5,7k
56%
0,515M - 300
56%
0,777M - 38,3k
56%
0,918M - 9,2k
56%
10,0M - 21,9k
56%
1,5M - 778
56%
21,9M - 65,6k
56%
25,9M - 120k
56%
29,1M - 147k
56%
3,0M - 29,7k
56%
34,1M - 330k
56%
3,6M - 69,7k
56%
5,2M - 309k
56%
7,0M - 488k
56%
7,1M - 199k
56%
10,2M - 144k
44%
10,6M - 83,6k
44%
11,5M - 89,3k
44%
1,3M - 14,8k
44%
17,3M - 181k
44%
24,6M - 185k
44%
37,3M - 447k
44%
4,9M - 17,8k
44%
5,4M - 10,4k
44%
5,4M - 6,0k
44%
7,5M - 236k
44%
10,2M - 86,6k
33%
32,3M - 527k
33%
No matching quizzes found
Score Distribution
Percent of People with Each Score
Percentile by Number Answered
Your Score History
You have not taken this quiz since the last reset